Countries by Bridge - Picture Quiz - Statistics

General Stats
  • This quiz has been taken 44 times
  • The average score is 9 of 15
Answer Stats
Picture Hint Answer % Correct
Bridge of Sighs Italy
95%
Glen Canyon Bridge United States
90%
Øresund Bridge Denmark (foreground); Sweden
87%
Millau Viaduct France
79%
Alcántara Bridge Spain
74%
Tasman Bridge Australia
72%
Forth Bridge United Kingdom
72%
Stari Most Bosnia and Herzegovina
56%
Kapellbrücke Switzerland
56%
Helix Bridge Singapore
49%
Confederation Bridge Canada
33%
Anji Bridge China
33%
15 July Martyrs Bridge Turkey
33%
______ Harbour Bridge New Zealand
31%
Seri Wawasan Bridge Malaysia
28%
No matching quizzes found
Score Distribution
Percent of People with Each Score
Percentile by Number Answered
Your Score History
You have not taken this quiz